000 00642nam a2200229Ia 4500
003 OSt
005 20220918183519.0
006 a|||||r|||| 00| 0
007 ta
008 220917b |||||||| |||| 00| 0 eng d
024 _a38,550
037 _cTextual
040 _aARTS
_cARTS
_beng
041 _2eng
_aeng
082 _aO15:9x8:1, E5
100 _aMammata
245 0 _aKavya prakasha with kavya pradipa of Govinda and Udyota of Nagoi Bhatta ed by Dinkar Trimbak Chandorkar Ullasas 1-2
260 _c1915
650 _aENGLISH LITERATURE
942 _hO15:9x8:1, E5
_cTEXL
_2CC
999 _c172900
_d172900